[Event "ODJM B 2023"]
[Site "Willingen GER"]
[Date "2023.06.01"]
[Round "7"]
[White "Glotz, Richard"]
[Black "Andrade, Ruben"]
[Result "0-1"]
[Termination "normal"]
[Board "4"]
[WhiteElo "1591"]
[BlackElo "1753"]
[WhiteClock "00:28:38"]
[BlackClock "00:29:34"]
[PlyCount "94"]
[WhiteFideId "34601520"]
[BlackFideId "16246829"]
[EventCountry "GER"]
[EventRounds "9"]
[EventType "swiss"]
[EventDate "2023.05.27"]

1. e4 {[%clk 01:30:59]} {[%emt 00:00:01]} e5 {[%clk 01:30:57]} {[%emt
00:00:04]} 2. Nf3 {[%clk 01:31:22]} {[%emt 00:00:07]} Nc6 {[%clk 01:31:24]}
{[%emt 00:00:03]} 3. Bc4 {[%clk 01:31:43]} {[%emt 00:00:08]} Nf6 {[%clk
01:31:50]} {[%emt 00:00:04]} 4. Ng5 {[%clk 01:32:05]} {[%emt 00:00:08]} d5
{[%clk 01:32:16]} {[%emt 00:00:05]} 5. exd5 {[%clk 01:32:28]} {[%emt 00:00:07]}
b5 {[%clk 01:32:41]} {[%emt 00:00:04]} 6. Bf1 {[%clk 01:32:12]} {[%emt
00:00:46]} Nd4 {[%clk 01:33:05]} {[%emt 00:00:06]} 7. c3 {[%clk 01:32:04]}
{[%emt 00:00:39]} Nxd5 {[%clk 01:33:29]} {[%emt 00:00:06]} 8. cxd4 {[%clk
01:31:50]} {[%emt 00:00:43]} Qxg5 {[%clk 01:33:50]} {[%emt 00:00:09]} 9. Bxb5+
{[%clk 01:30:04]} {[%emt 00:02:16]} Kd8 {[%clk 01:33:51]} {[%emt 00:00:29]} 10.
O-O {[%clk 01:17:20]} {[%emt 00:13:13]} Bb7 {[%clk 01:32:35]} {[%emt 00:01:47]}
11. Qf3 {[%clk 01:03:14]} {[%emt 00:14:36]} Rb8 {[%clk 01:28:21]} {[%emt
00:04:45]} 12. d3 {[%clk 00:59:01]} {[%emt 00:04:42]} Qg6 {[%clk 01:12:17]}
{[%emt 00:16:33]} 13. Qg3 {[%clk 00:48:46]} {[%emt 00:10:45]} exd4 {[%clk
00:57:26]} {[%emt 00:15:22]} 14. Qxg6 {[%clk 00:36:40]} {[%emt 00:12:36]} hxg6
{[%clk 00:57:43]} {[%emt 00:00:14]} 15. Nd2 {[%clk 00:32:20]} {[%emt 00:04:50]}
Nf4 {[%clk 00:48:47]} {[%emt 00:09:25]} 16. Re1 {[%clk 00:28:59]} {[%emt
00:03:52]} Bd6 {[%clk 00:47:00]} {[%emt 00:02:17]} 17. g3 {[%clk 00:21:47]}
{[%emt 00:07:42]} Nh3+ {[%clk 00:38:05]} {[%emt 00:09:25]} 18. Kf1 {[%clk
00:22:08]} {[%emt 00:00:09]} Nxf2 {[%clk 00:35:24]} {[%emt 00:03:10]} 19. Nb3
{[%clk 00:13:53]} {[%emt 00:08:45]} Ng4 {[%clk 00:27:36]} {[%emt 00:08:18]} 20.
Nxd4 {[%clk 00:07:46]} {[%emt 00:06:36]} Nxh2+ {[%clk 00:25:57]} {[%emt
00:02:09]} 21. Ke2 {[%clk 00:08:05]} {[%emt 00:00:12]} Bf3+ {[%clk 00:15:34]}
{[%emt 00:10:52]} 22. Ke3 {[%clk 00:07:08]} {[%emt 00:01:29]} Bc5 {[%clk
00:11:19]} {[%emt 00:04:44]} 23. a4 {[%clk 00:06:21]} {[%emt 00:01:17]} Rxb5
{[%clk 00:05:24]} {[%emt 00:06:25]} 24. axb5 {[%clk 00:06:28]} {[%emt
00:00:23]} Re8+ {[%clk 00:05:48]} {[%emt 00:00:05]} 25. Kd2 {[%clk 00:04:42]}
{[%emt 00:02:17]} Bb4+ {[%clk 00:05:33]} {[%emt 00:00:44]} 26. Kc2 {[%clk
00:05:03]} {[%emt 00:00:10]} Bxe1 {[%clk 00:05:06]} {[%emt 00:00:57]} 27. Rxa7
{[%clk 00:03:06]} {[%emt 00:02:27]} Bf2 {[%clk 00:04:38]} {[%emt 00:00:57]} 28.
Ra4 {[%clk 00:03:16]} {[%emt 00:00:21]} Bxg3 {[%clk 00:01:04]} {[%emt
00:04:04]} 29. Bd2 {[%clk 00:03:21]} {[%emt 00:00:25]} Bb7 {[%clk 00:00:50]}
{[%emt 00:00:43]} 30. Bb4 {[%clk 00:02:40]} {[%emt 00:01:12]} Bd6 {[%clk
00:00:42]} {[%emt 00:00:38]} 31. b6 {[%clk 00:01:49]} {[%emt 00:01:20]} Bxb4
{[%clk 00:00:45]} {[%emt 00:00:28]} 32. bxc7+ {[%clk 00:02:17]} {[%emt
00:00:02]} Kxc7 {[%clk 00:01:10]} {[%emt 00:00:05]} 33. Rxb4 {[%clk 00:02:27]}
{[%emt 00:00:20]} Nf1 {[%clk 00:00:52]} {[%emt 00:00:47]} 34. Nb5+ {[%clk
00:02:00]} {[%emt 00:00:58]} Kd7 {[%clk 00:01:01]} {[%emt 00:00:20]} 35. d4
{[%clk 00:01:33]} {[%emt 00:00:58]} Ne3+ {[%clk 00:01:25]} {[%emt 00:00:06]}
36. Kd2 {[%clk 00:01:04]} {[%emt 00:00:59]} Nd5 {[%clk 00:01:15]} {[%emt
00:00:40]} 37. Rb3 {[%clk 00:00:45]} {[%emt 00:00:49]} Bc6 {[%clk 00:00:53]}
{[%emt 00:00:52]} 38. Na3 {[%clk 00:00:46]} {[%emt 00:00:29]} g5 {[%clk
00:00:36]} {[%emt 00:00:47]} 39. Nc4 {[%clk 00:00:59]} {[%emt 00:00:18]} f6
{[%clk 00:00:52]} {[%emt 00:00:14]} 40. Rg3 {[%clk 00:00:33]} {[%emt 00:00:55]}
Bb5 {[%clk 00:00:46]} {[%emt 00:00:37]} 41. b3 {[%clk 00:29:20]} {[%emt
00:01:42]} Bxc4 {[%clk 00:30:28]} {[%emt 00:00:48]} 42. bxc4 {[%clk 00:29:48]}
{[%emt 00:00:02]} Nf4 {[%clk 00:30:28]} {[%emt 00:00:30]} 43. Ra3 {[%clk
00:29:17]} {[%emt 00:01:01]} Re2+ {[%clk 00:30:35]} {[%emt 00:00:22]} 44. Kd1
{[%clk 00:28:39]} {[%emt 00:01:08]} Re4 {[%clk 00:29:43]} {[%emt 00:01:22]} 45.
Ra7+ {[%clk 00:28:18]} {[%emt 00:00:53]} Ke6 {[%clk 00:29:35]} {[%emt
00:00:37]} 46. Ra6+ {[%clk 00:28:38]} {[%emt 00:00:10]} Kf5 {[%clk 00:29:26]}
{[%emt 00:00:38]} 47. Rd6 {[%clk 00:28:38]} {[%emt 00:00:30]} g4 {[%clk
00:29:34]} {[%emt 00:00:23]} 0-1

[Event "ODJM B 2023"]
[Site "Willingen GER"]
[Date "2023.06.01"]
[Round "7"]
[White "Weis, Constantin"]
[Black "Storm, Max"]
[Result "1-0"]
[Termination "normal"]
[Board "5"]
[WhiteElo "1677"]
[BlackElo "1703"]
[WhiteClock "00:21:51"]
[BlackClock "00:04:23"]
[PlyCount "61"]
[WhiteFideId "16286197"]
[BlackFideId "34625658"]
[EventCountry "GER"]
[EventRounds "9"]
[EventType "swiss"]
[EventDate "2023.05.27"]

1. e4 {[%clk 01:30:54]} {[%emt 00:00:05]} e6 {[%clk 01:30:55]} {[%emt
00:00:06]} 2. d4 {[%clk 01:31:11]} {[%emt 00:00:12]} d5 {[%clk 01:31:20]}
{[%emt 00:00:05]} 3. Nc3 {[%clk 01:28:21]} {[%emt 00:03:20]} dxe4 {[%clk
01:31:44]} {[%emt 00:00:06]} 4. Nxe4 {[%clk 01:28:48]} {[%emt 00:00:02]} Nd7
{[%clk 01:32:07]} {[%emt 00:00:08]} 5. Nf3 {[%clk 01:28:32]} {[%emt 00:00:14]}
Ngf6 {[%clk 01:32:19]} {[%emt 00:00:50]} 6. Bd3 {[%clk 01:28:47]} {[%emt
00:00:15]} Be7 {[%clk 01:31:43]} {[%emt 00:01:06]} 7. O-O {[%clk 01:28:47]}
{[%emt 00:00:30]} b6 {[%clk 01:30:36]} {[%emt 00:01:36]} 8. c3 {[%clk
01:22:40]} {[%emt 00:06:37]} Bb7 {[%clk 01:29:41]} {[%emt 00:01:25]} 9. Qe2
{[%clk 01:22:38]} {[%emt 00:00:32]} h6 {[%clk 01:26:27]} {[%emt 00:03:44]} 10.
Re1 {[%clk 01:17:58]} {[%emt 00:05:11]} O-O {[%clk 01:24:23]} {[%emt 00:02:34]}
11. Nxf6+ {[%clk 01:10:25]} {[%emt 00:08:03]} Nxf6 {[%clk 01:23:19]} {[%emt
00:01:33]} 12. Ne5 {[%clk 01:10:40]} {[%emt 00:00:16]} c5 {[%clk 01:20:03]}
{[%emt 00:03:45]} 13. Be3 {[%clk 01:04:28]} {[%emt 00:06:43]} Qd5 {[%clk
01:13:32]} {[%emt 00:07:00]} 14. f3 {[%clk 01:01:39]} {[%emt 00:03:19]} cxd4
{[%clk 01:08:42]} {[%emt 00:05:20]} 15. Bxd4 {[%clk 01:01:35]} {[%emt
00:00:35]} Bc5 {[%clk 01:02:34]} {[%emt 00:06:37]} 16. Bxc5 {[%clk 01:00:07]}
{[%emt 00:01:58]} Qxc5+ {[%clk 01:02:45]} {[%emt 00:00:19]} 17. Kh1 {[%clk
00:57:45]} {[%emt 00:02:53]} Rac8 {[%clk 00:52:56]} {[%emt 00:10:18]} 18. Rad1
{[%clk 00:51:47]} {[%emt 00:06:28]} Rfd8 {[%clk 00:47:46]} {[%emt 00:05:42]}
19. Bb1 {[%clk 00:38:31]} {[%emt 00:13:45]} Qe7 {[%clk 00:42:04]} {[%emt
00:06:11]} 20. a4 {[%clk 00:34:15]} {[%emt 00:04:48]} Nh5 {[%clk 00:35:09]}
{[%emt 00:07:23]} 21. Qc2 {[%clk 00:31:08]} {[%emt 00:03:37]} Qg5 {[%clk
00:30:48]} {[%emt 00:04:51]} 22. Qh7+ {[%clk 00:29:48]} {[%emt 00:01:51]} Kf8
{[%clk 00:31:14]} {[%emt 00:00:04]} 23. Qh8+ {[%clk 00:30:09]} {[%emt
00:00:08]} Ke7 {[%clk 00:31:40]} {[%emt 00:00:04]} 24. Rxd8 {[%clk 00:30:18]}
{[%emt 00:00:21]} Ng3+ {[%clk 00:18:27]} {[%emt 00:13:43]} 25. Kg1 {[%clk
00:22:26]} {[%emt 00:08:23]} Ne2+ {[%clk 00:18:18]} {[%emt 00:00:38]} 26. Kf1
{[%clk 00:21:33]} {[%emt 00:01:23]} Qxe5 {[%clk 00:08:27]} {[%emt 00:10:21]}
27. Rxc8 {[%clk 00:21:30]} {[%emt 00:00:34]} Ng3+ {[%clk 00:04:15]} {[%emt
00:04:42]} 28. hxg3 {[%clk 00:21:10]} {[%emt 00:00:50]} Ba6+ {[%clk 00:04:41]}
{[%emt 00:00:05]} 29. c4 {[%clk 00:21:28]} {[%emt 00:00:10]} Qd4 {[%clk
00:04:06]} {[%emt 00:01:06]} 30. Qe8+ {[%clk 00:21:23]} {[%emt 00:00:34]} Kf6
{[%clk 00:04:23]} {[%emt 00:00:13]} 31. Qd8+ {[%clk 00:21:51]} {[%emt
00:00:02]} 1-0

[Event "ODJM B 2023"]
[Site "Willingen GER"]
[Date "2023.06.01"]
[Round "7"]
[White "Werner, Florin"]
[Black "Friemel, Tim"]
[Result "1/2-1/2"]
[Termination "normal"]
[Board "6"]
[WhiteElo "1678"]
[BlackElo "1692"]
[WhiteClock "00:04:55"]
[BlackClock "00:02:36"]
[PlyCount "87"]
[WhiteFideId "16250230"]
[BlackFideId "34607021"]
[EventCountry "GER"]
[EventRounds "9"]
[EventType "swiss"]
[EventDate "2023.05.27"]

1. e4 {[%clk 01:30:56]} {[%emt 00:00:03]} c6 {[%clk 01:30:26]} {[%emt
00:00:33]} 2. Ne2 {[%clk 01:30:22]} {[%emt 00:01:06]} d5 {[%clk 01:29:33]}
{[%emt 00:01:23]} 3. e5 {[%clk 01:29:50]} {[%emt 00:01:02]} Bf5 {[%clk
01:23:18]} {[%emt 00:06:44]} 4. d4 {[%clk 01:25:32]} {[%emt 00:04:49]} e6
{[%clk 01:20:38]} {[%emt 00:03:08]} 5. h4 {[%clk 01:25:38]} {[%emt 00:00:26]}
h5 {[%clk 01:19:24]} {[%emt 00:01:43]} 6. Ng3 {[%clk 01:26:00]} {[%emt
00:00:08]} Bg6 {[%clk 01:15:40]} {[%emt 00:04:14]} 7. Bd3 {[%clk 01:26:17]}
{[%emt 00:00:14]} Bf5 {[%emt 00:01:17]} 8. Be4 Bxe4 {[%clk 01:14:53]} 9. Qd2
{[%emt 00:00:02]} Bd3 10. Qxd3 {[%clk 01:26:45]} Be7 {[%clk 01:13:17]} {[%emt
00:02:05]} 11. Qf3 {[%clk 01:17:28]} {[%emt 00:09:48]} g6 {[%clk 01:09:17]}
{[%emt 00:04:28]} 12. Qf4 {[%clk 01:13:59]} {[%emt 00:04:00]} Nh6 {[%clk
01:05:17]} {[%emt 00:04:30]} 13. Nd2 {[%clk 01:13:24]} {[%emt 00:01:07]} Nd7
{[%clk 00:59:14]} {[%emt 00:06:31]} 14. Nf3 {[%clk 01:12:39]} {[%emt 00:01:16]}
c5 {[%clk 00:57:22]} {[%emt 00:02:22]} 15. c3 {[%clk 01:04:59]} {[%emt
00:08:10]} Qb6 {[%clk 00:53:25]} {[%emt 00:04:27]} 16. O-O {[%clk 01:01:36]}
{[%emt 00:03:53]} Qc7 {[%clk 00:41:59]} {[%emt 00:11:56]} 17. Ne2 {[%clk
00:52:12]} {[%emt 00:09:53]} Nf5 {[%clk 00:40:43]} {[%emt 00:01:45]} 18. g3
{[%clk 00:51:33]} {[%emt 00:01:10]} c4 {[%clk 00:36:47]} {[%emt 00:04:27]} 19.
b4 {[%clk 00:48:14]} {[%emt 00:03:49]} a5 {[%clk 00:34:56]} {[%emt 00:02:21]}
20. Qd2 {[%clk 00:40:35]} {[%emt 00:08:09]} Nb8 {[%clk 00:25:33]} {[%emt
00:09:52]} 21. Bb2 {[%clk 00:30:06]} {[%emt 00:11:00]} a4 {[%clk 00:22:23]}
{[%emt 00:03:39]} 22. a3 {[%clk 00:29:00]} {[%emt 00:01:36]} Nc6 {[%clk
00:21:30]} {[%emt 00:01:24]} 23. Nf4 {[%clk 00:23:44]} {[%emt 00:05:44]} Qd8
{[%clk 00:19:51]} {[%emt 00:02:10]} 24. Nh3 {[%clk 00:22:39]} {[%emt 00:01:35]}
Qc7 {[%clk 00:17:24]} {[%emt 00:02:57]} 25. Kg2 {[%clk 00:20:13]} {[%emt
00:02:56]} Qd8 {[%clk 00:16:32]} {[%emt 00:01:23]} 26. Bc1 {[%clk 00:20:12]}
{[%emt 00:00:31]} Qc7 {[%clk 00:15:08]} {[%emt 00:01:53]} 27. Qd1 {[%clk
00:20:27]} {[%emt 00:00:15]} b5 {[%clk 00:14:36]} {[%emt 00:01:02]} 28. Bg5
{[%clk 00:20:06]} {[%emt 00:00:51]} O-O-O {[%clk 00:14:17]} {[%emt 00:00:49]}
29. Nf4 {[%clk 00:18:19]} {[%emt 00:02:18]} Kb7 {[%clk 00:13:29]} {[%emt
00:01:17]} 30. Kh2 {[%clk 00:18:43]} {[%emt 00:00:06]} Rdg8 {[%clk 00:12:30]}
{[%emt 00:01:29]} 31. Ng2 {[%clk 00:17:45]} {[%emt 00:01:28]} Qd8 {[%clk
00:10:53]} {[%emt 00:02:08]} 32. Qc2 {[%clk 00:16:36]} {[%emt 00:01:38]} Rf8
{[%clk 00:10:24]} {[%emt 00:01:00]} 33. Ne3 {[%clk 00:15:32]} {[%emt 00:01:34]}
Qc7 {[%clk 00:09:11]} {[%emt 00:01:43]} 34. Nd1 {[%clk 00:15:55]} {[%emt
00:00:07]} Ra8 {[%clk 00:09:02]} {[%emt 00:00:39]} 35. Nb2 {[%clk 00:16:12]}
{[%emt 00:00:13]} Qd8 {[%clk 00:07:54]} {[%emt 00:01:38]} 36. Kg2 {[%clk
00:15:14]} {[%emt 00:01:28]} Rh7 {[%clk 00:06:43]} {[%emt 00:01:41]} 37. Rh1
{[%clk 00:14:21]} {[%emt 00:01:23]} Rh8 {[%clk 00:06:21]} {[%emt 00:00:52]} 38.
Rh2 {[%clk 00:13:56]} {[%emt 00:00:55]} Rh7 {[%clk 00:05:46]} {[%emt 00:01:05]}
39. Kf1 {[%clk 00:13:25]} {[%emt 00:01:00]} Rh8 {[%clk 00:05:16]} {[%emt
00:01:01]} 40. Re1 {[%clk 00:13:22]} {[%emt 00:00:33]} Rh7 {[%clk 00:04:25]}
{[%emt 00:01:21]} 41. Re2 {[%clk 00:13:44]} {[%emt 00:00:08]} Rh8 {[%clk
00:04:24]} {[%emt 00:00:31]} 42. Ke1 {[%clk 00:13:52]} {[%emt 00:00:22]} Rh7
{[%clk 00:03:52]} {[%emt 00:01:02]} 43. Kd1 {[%clk 00:11:43]} {[%emt 00:02:39]}
Rh8 {[%clk 00:02:36]} {[%emt 00:01:45]} 44. Re1 {[%clk 00:04:55]} {[%emt
00:07:19]} 1/2-1/2

[Event "ODJM B 2023"]
[Site "Willingen GER"]
[Date "2023.06.01"]
[Round "7"]
[White "John, Niklas"]
[Black "Dorendorf, Mika"]
[Result "1-0"]
[Termination "normal"]
[Board "7"]
[WhiteElo "1652"]
[BlackElo "1782"]
[WhiteClock "00:00:48"]
[BlackClock "00:13:21"]
[PlyCount "67"]
[WhiteFideId "16234626"]
[BlackFideId "16283066"]
[EventCountry "GER"]
[EventRounds "9"]
[EventType "swiss"]
[EventDate "2023.05.27"]

1. e4 {[%clk 01:30:53]} {[%emt 00:00:05]} c5 {[%clk 01:30:56]} {[%emt
00:00:05]} 2. Nf3 {[%clk 01:31:13]} {[%emt 00:00:09]} a6 {[%clk 01:31:23]}
{[%emt 00:00:04]} 3. c4 {[%clk 01:28:58]} {[%emt 00:02:45]} e6 {[%clk
01:31:21]} {[%emt 00:00:32]} 4. d4 {[%clk 01:22:14]} {[%emt 00:07:14]} cxd4
{[%clk 01:31:45]} {[%emt 00:00:06]} 5. Nxd4 {[%clk 01:22:31]} {[%emt 00:00:14]}
d6 {[%clk 01:31:13]} {[%emt 00:01:02]} 6. Nc3 {[%clk 01:22:13]} {[%emt
00:00:47]} Nf6 {[%clk 01:31:33]} {[%emt 00:00:10]} 7. Be2 {[%clk 01:19:56]}
{[%emt 00:02:47]} Be7 {[%clk 01:23:00]} {[%emt 00:09:03]} 8. O-O {[%clk
01:18:32]} {[%emt 00:01:54]} O-O {[%clk 01:18:40]} {[%emt 00:04:50]} 9. Be3
{[%clk 01:16:27]} {[%emt 00:02:34]} Nbd7 {[%clk 01:13:44]} {[%emt 00:05:27]}
10. f4 {[%clk 01:10:53]} {[%emt 00:06:04]} Qc7 {[%clk 01:07:04]} {[%emt
00:07:10]} 11. Qc2 {[%clk 01:06:24]} {[%emt 00:04:59]} b6 {[%clk 01:04:34]}
{[%emt 00:03:00]} 12. b3 {[%clk 01:00:24]} {[%emt 00:06:30]} Bb7 {[%clk
00:58:29]} {[%emt 00:06:35]} 13. Bf3 {[%clk 00:55:34]} {[%emt 00:05:20]} Rac8
{[%clk 00:53:08]} {[%emt 00:05:51]} 14. Rac1 {[%clk 00:53:21]} {[%emt
00:02:43]} Qb8 {[%clk 00:50:00]} {[%emt 00:03:38]} 15. Qb1 {[%clk 00:48:14]}
{[%emt 00:05:38]} Qa8 {[%clk 00:47:24]} {[%emt 00:03:05]} 16. Nde2 {[%emt
00:19:20]} Rfd8 {[%clk 00:40:51]} 17. Rfd1 {[%clk 00:32:55]} {[%emt 00:04:01]}
Nc5 {[%clk 00:32:02]} {[%emt 00:09:19]} 18. Ng3 {[%clk 00:31:29]} {[%emt
00:01:56]} d5 {[%clk 00:28:47]} {[%emt 00:03:45]} 19. exd5 {[%clk 00:28:09]}
{[%emt 00:03:50]} exd5 {[%clk 00:29:08]} {[%emt 00:00:09]} 20. b4 {[%clk
00:22:23]} {[%emt 00:06:15]} Nce4 {[%clk 00:21:42]} {[%emt 00:07:57]} 21. Bxe4
{[%clk 00:15:13]} {[%emt 00:07:40]} dxe4 {[%clk 00:21:48]} {[%emt 00:00:23]}
22. Nf5 {[%clk 00:13:23]} {[%emt 00:02:19]} Rxd1+ {[%clk 00:21:24]} {[%emt
00:00:56]} 23. Rxd1 {[%clk 00:12:14]} {[%emt 00:01:39]} Bd8 {[%clk 00:20:06]}
{[%emt 00:01:48]} 24. Nd6 {[%clk 00:09:03]} {[%emt 00:03:42]} Rc6 {[%clk
00:18:12]} {[%emt 00:02:24]} 25. Nxb7 {[%clk 00:08:45]} {[%emt 00:00:48]} Be7
{[%clk 00:17:21]} {[%emt 00:01:20]} 26. Nxe4 {[%clk 00:04:13]} {[%emt
00:05:02]} Qxb7 {[%clk 00:17:10]} {[%emt 00:00:41]} 27. Nxf6+ {[%clk 00:04:01]}
{[%emt 00:00:42]} Rxf6 {[%clk 00:16:41]} {[%emt 00:00:59]} 28. c5 {[%clk
00:02:18]} {[%emt 00:02:14]} bxc5 {[%clk 00:16:21]} {[%emt 00:00:49]} 29. Bxc5
{[%clk 00:01:43]} {[%emt 00:01:04]} Bxc5+ {[%clk 00:13:37]} {[%emt 00:03:15]}
30. bxc5 {[%clk 00:01:46]} {[%emt 00:00:28]} Qc7 {[%clk 00:13:55]} {[%emt
00:00:10]} 31. Kh1 {[%clk 00:00:38]} {[%emt 00:01:39]} Rxf4 {[%clk 00:13:31]}
{[%emt 00:00:54]} 32. Qb6 {[%clk 00:00:31]} {[%emt 00:00:37]} Qxb6 {[%clk
00:12:56]} {[%emt 00:01:05]} 33. cxb6 {[%clk 00:00:42]} {[%emt 00:00:19]} Kf8
{[%clk 00:13:21]} {[%emt 00:00:05]} 34. Rb1 {[%clk 00:00:48]} {[%emt 00:00:24]}
1-0

[Event "ODJM B 2023"]
[Site "Willingen GER"]
[Date "2023.06.01"]
[Round "7"]
[White "Pimenov, Danil"]
[Black "Götz, Timon"]
[Result "1-0"]
[Termination "normal"]
[Board "8"]
[WhiteElo "1488"]
[BlackElo "1570"]
[WhiteClock "00:15:50"]
[BlackClock "00:02:09"]
[PlyCount "63"]
[WhiteFideId "34600248"]
[BlackFideId "16245040"]
[EventCountry "GER"]
[EventRounds "9"]
[EventType "swiss"]
[EventDate "2023.05.27"]

1. e4 {[%clk 01:30:57]} {[%emt 00:00:03]} c5 {[%clk 01:30:55]} {[%emt
00:00:05]} 2. Nf3 {[%clk 01:31:23]} {[%emt 00:00:04]} e6 {[%clk 01:31:14]}
{[%emt 00:00:11]} 3. d4 {[%clk 01:31:50]} {[%emt 00:00:04]} cxd4 {[%clk
01:31:36]} {[%emt 00:00:07]} 4. Nxd4 {[%clk 01:32:16]} {[%emt 00:00:04]} Nc6
{[%clk 01:31:55]} {[%emt 00:00:11]} 5. Nc3 {[%clk 01:32:42]} {[%emt 00:00:03]}
Qc7 {[%clk 01:32:18]} {[%emt 00:00:07]} 6. Be3 {[%clk 01:32:57]} {[%emt
00:00:16]} a6 {[%clk 01:32:30]} {[%emt 00:00:18]} 7. Nxc6 {[%clk 01:33:20]}
{[%emt 00:00:06]} bxc6 {[%clk 01:32:46]} {[%emt 00:00:14]} 8. Qf3 {[%clk
01:33:23]} {[%emt 00:00:28]} Bd6 {[%clk 01:32:30]} {[%emt 00:00:45]} 9. O-O-O
{[%clk 01:29:00]} {[%emt 00:04:53]} Nf6 {[%clk 01:30:32]} {[%emt 00:02:28]} 10.
g4 {[%clk 01:25:13]} {[%emt 00:04:18]} h5 {[%clk 01:27:17]} {[%emt 00:03:45]}
11. gxh5 {[%clk 01:22:10]} {[%emt 00:03:32]} Nxh5 {[%clk 01:26:38]} {[%emt
00:01:09]} 12. Bd3 {[%clk 01:11:23]} {[%emt 00:11:18]} Be5 {[%clk 01:19:12]}
{[%emt 00:07:56]} 13. Rhg1 {[%clk 01:04:59]} {[%emt 00:06:54]} Nf4 {[%clk
01:07:48]} {[%emt 00:11:54]} 14. Ne2 {[%clk 00:53:38]} {[%emt 00:11:51]} Nxe2+
{[%clk 01:01:30]} {[%emt 00:06:47]} 15. Bxe2 {[%clk 00:51:17]} {[%emt
00:02:51]} Rb8 {[%clk 01:00:03]} {[%emt 00:01:58]} 16. Bd4 {[%clk 00:47:27]}
{[%emt 00:04:20]} Bxd4 {[%clk 00:57:27]} {[%emt 00:03:07]} 17. Rxd4 {[%clk
00:47:45]} {[%emt 00:00:10]} Qb6 {[%clk 00:51:42]} {[%emt 00:06:16]} 18. Qc3
{[%clk 00:47:27]} {[%emt 00:00:48]} Rxh2 {[%clk 00:44:54]} {[%emt 00:07:17]}
19. Rxg7 {[%clk 00:43:36]} {[%emt 00:04:21]} Rh3 {[%clk 00:29:46]} {[%emt
00:15:38]} 20. f3 {[%clk 00:39:02]} {[%emt 00:05:04]} Rh8 {[%clk 00:26:51]}
{[%emt 00:03:25]} 21. e5 {[%clk 00:37:25]} {[%emt 00:02:07]} c5 {[%clk
00:25:09]} {[%emt 00:02:12]} 22. Rf4 {[%clk 00:32:16]} {[%emt 00:05:39]} Rf8
{[%clk 00:22:48]} {[%emt 00:02:52]} 23. b3 {[%clk 00:21:37]} {[%emt 00:11:09]}
Bb7 {[%clk 00:22:33]} {[%emt 00:00:45]} 24. Qd2 {[%clk 00:19:37]} {[%emt
00:02:29]} a5 {[%clk 00:18:18]} {[%emt 00:04:45]} 25. Bd3 {[%clk 00:19:10]}
{[%emt 00:00:57]} Bd5 {[%clk 00:11:10]} {[%emt 00:07:38]} 26. Bg6 {[%clk
00:17:55]} {[%emt 00:01:45]} Kd8 {[%clk 00:11:16]} {[%emt 00:00:24]} 27. c4
{[%clk 00:15:41]} {[%emt 00:02:45]} Bc6 {[%clk 00:08:05]} {[%emt 00:03:41]} 28.
Qd6 {[%clk 00:15:54]} {[%emt 00:00:16]} Rh8 {[%clk 00:07:02]} {[%emt 00:01:34]}
29. Rfxf7 {[%clk 00:15:13]} {[%emt 00:01:10]} Rh1+ {[%clk 00:06:12]} {[%emt
00:01:20]} 30. Kb2 {[%clk 00:15:36]} {[%emt 00:00:08]} Rh2+ {[%clk 00:01:47]}
{[%emt 00:04:54]} 31. Bc2 {[%clk 00:15:57]} {[%emt 00:00:08]} a4 {[%clk
00:02:09]} {[%emt 00:00:09]} 32. Rf8# {[%clk 00:15:50]} {[%emt 00:00:06]} 1-0